| Tag |
First Indicator |
Second Indicator |
Subfields |
| LEADER |
00000cam a2200000 i 4500 |
| 001 |
in00004791221 |
| 008 |
981210s1998 sp ah bd 000 0 spa c |
| 005 |
20240523153841.0 |
| 010 |
|
|
|a 00279837
|
| 035 |
|
|
|a (OCoLC)ocn293428488
|
| 040 |
|
|
|a NjP
|b eng
|e rda
|c YUS
|d EYM
|d OCLCF
|d I5B
|d IQU
|d PL#
|d DLC
|d EL$
|d DRB
|d BNM
|d OCLCO
|d WAU
|d OCLCO
|d OCLCQ
|d OCL
|d OCLCA
|d NYP
|d OCLCQ
|d OCLCO
|d OCL
|d OCLCA
|d OCL
|d OCLCO
|d OCLCL
|
| 019 |
|
|
|a 39980024
|a 41454362
|a 43751645
|a 52464924
|
| 020 |
|
|
|a 8488333293
|q (pbk.)
|
| 020 |
|
|
|a 9788488333292
|q (pbk.)
|
| 035 |
|
|
|a (OCoLC)293428488
|z (OCoLC)39980024
|z (OCoLC)41454362
|z (OCoLC)43751645
|z (OCoLC)52464924
|
| 042 |
|
|
|a pcc
|
| 050 |
|
4 |
|a PQ1543
|b .C83 1998
|
| 082 |
0 |
4 |
|a 843.1
|b C9657t
|
| 100 |
1 |
|
|a Cuesta Torre, María Luzdivina,
|e author.
|
| 245 |
1 |
0 |
|a Tristán de Leonís (Valladolid, Juan de Burgos, 1501) :
|b guía de lectura /
|c por Ma. Luzdivina Cuesta Torre.
|
| 264 |
|
1 |
|a Alcalá de Henares :
|b Centro de Estudios Cervantinos,
|c 1998.
|
| 300 |
|
|
|a 78 pages :
|b illustrations, facsimiles ;
|c 24 cm.
|
| 336 |
|
|
|a text
|b txt
|2 rdacontent
|
| 337 |
|
|
|a unmediated
|b n
|2 rdamedia
|
| 338 |
|
|
|a volume
|b nc
|2 rdacarrier
|
| 490 |
1 |
|
|a Guías de lectura caballeresca ;
|v 3
|
| 520 |
|
|
|a Reading guide to Trístan de Leonís, a Spanish adaptation of the Arthurian romance Roman de Tristan en prose. The first edition was published in Valladolid, 1501, under title Libro del esforçado cauallero don Trista[n] de Leonis y de sus gra[n]des fechos e[n] armas.
|
| 500 |
|
|
|a Includes "Diccionario" and "Lista," dictionaries of persons and places mentioned in the work (pages 45-64).
|
| 500 |
|
|
|a Includes facsimile of the table of chapters in the 1501 edition (pages 65-68).
|
| 504 |
|
|
|a Includes bibliographical references (pages 69-73).
|
| 580 |
|
|
|a Forms part of The Eduardo Urbina Cervantes Project Collection.
|
| 630 |
0 |
0 |
|a Tristán de Leonís
|x History and criticism.
|
| 630 |
0 |
0 |
|a Roman de Tristan en prose
|v Translations into Spanish
|x History and criticism.
|
| 650 |
|
0 |
|a Arthurian romances
|x History and criticism.
|
| 600 |
0 |
0 |
|a Tristan
|c (Legendary character)
|x Romances
|x History and criticism.
|
| 650 |
|
6 |
|a Cycle d'Arthur
|x Histoire et critique.
|
| 630 |
0 |
7 |
|a Tristán de Leonís
|2 embne
|
| 600 |
0 |
7 |
|a Tristan
|c (Legendary character)
|2 fast
|0 (OCoLC)fst01157190
|
| 630 |
0 |
7 |
|a Roman de Tristan en prose.
|2 fast
|0 (OCoLC)fst01361505
|
| 630 |
0 |
7 |
|a Tristán de Leonís.
|2 fast
|0 (OCoLC)fst01371229
|
| 650 |
|
7 |
|a Arthurian romances.
|2 fast
|0 (OCoLC)fst00817169
|
| 650 |
|
7 |
|a Romances.
|2 fast
|0 (OCoLC)fst01099892
|
| 653 |
|
|
|a Tristán de Leonís
|a Guía de lectura.
|
| 653 |
|
|
|a Literatura caballeresca
|a España
|a Siglo XVI
|a Guía de lectura.
|
| 655 |
|
7 |
|a Criticism, interpretation, etc.
|2 fast
|0 (OCoLC)fst01411635
|
| 758 |
|
|
|i has work:
|a Tristán de Leonís (Valladolid, Juan de Burgos, 1501) (Text)
|1 https://id.oclc.org/worldcat/entity/E39PCFKqyyRwVDPckPyT6bqVJC
|4 https://id.oclc.org/worldcat/ontology/hasWork
|
| 776 |
0 |
8 |
|i Online version:
|a Cuesta Torre, María Luzdivina.
|t Tristán de Leonís.
|d Alcalá de Henares : Centro de Estudios Cervantinos, 1998
|w (OCoLC)631905670
|
| 830 |
|
0 |
|a Guías de lectura caballeresca ;
|v 3.
|
| 938 |
|
|
|a Iberbook International S.L.
|b IBER
|n 83543
|c P1400
|
| 938 |
|
|
|a Puvill Libros
|b PUVL
|n 8488333293
|c $10.33
|
| 029 |
1 |
|
|a AU@
|b 000021427663
|
| 029 |
1 |
|
|a ESALI
|b u600309
|
| 029 |
1 |
|
|a HEBIS
|b 109012968
|
| 029 |
1 |
|
|a I5B
|b 83543
|
| 994 |
|
|
|a Z0
|b TXA
|
| 948 |
|
|
|h HELD BY TXA - 51 OTHER HOLDINGS
|
| 999 |
f |
f |
|s d1d84bd5-b03d-4952-b66c-b65ac825a136
|i b3056e4d-e195-4784-9e29-ac763565077f
|t 0
|
| 952 |
f |
f |
|p noncirc
|a Texas A&M University
|b College Station
|c Cushing Memorial Library & Archives
|d Cushing: Rare Books (Does not check out)
|t 0
|e PQ1543 .C83 1998
|h Library of Congress classification
|i unmediated -- volume
|m A14853261412
|
| 952 |
f |
f |
|p noncirc
|a Texas A&M University
|b College Station
|c Cushing Memorial Library & Archives
|d Cushing: Rare Books (Does not check out)
|t 0
|e PQ1543 .C83 1998
|h Library of Congress classification
|i unmediated -- volume
|m A14853261423
|
| 998 |
f |
f |
|a PQ1543 .C83 1998
|t 0
|l Cushing: Rare Books (Does not check out)
|